000 00310nam a2200145Ia 4500
100 _aGajjar/Dhiren
942 _cBK
654 _aProgramming II
245 _aComputer Programming II
260 _bStudents book depot
_aPune
082 _a005-076
_bGAJ
300 _a219
546 _aENGLISH
999 _c19083
_d19083